00833nam a22002297a 45000010005000000030006000050050017000110080041000280400029000690500015000980820014001131000020001272450034001472500035001812600037002163000025002535050007002785200265002855210018005505210018005686500017005868178FISKH20250901123610.0250901b cb ||||| |||| 00| 0 eng d aFISKHbengcFISKHdFISKH aPZ7.J43 UN a 823.914  aJennings, Paul  aUnbelievable !cPaul Jennings aThis edition published in 1992 aLondon : bPuffin Books, c1986  a134 page : c20 cm  aP  aStare if you dare, into Paul Jennings' wild world. What happens when you grow younger? Where do ghosts sit their exams? How would you cope if a million birds did it on you? Where did the eyes in the bottle come from? Nine stories that you would never dream of.8 a620 bLexile 8 aP bRaz-Plus  aScary movies